| 000 -LEADER |
| fixed length control field |
01354pab a2200157 454500 |
| 008 - FIXED-LENGTH DATA ELEMENTS--GENERAL INFORMATION |
| fixed length control field |
180718b2001 xxu||||| |||| 00| 0 eng d |
| 100 ## - MAIN ENTRY--PERSONAL NAME |
| Personal name |
Almqvist, Roland |
| 245 ## - TITLE STATEMENT |
| Title |
Management by contract: a study of programmatic and technological aspects |
| 260 ## - PUBLICATION, DISTRIBUTION, ETC. |
| Date of publication, distribution, etc. |
2001 |
| 300 ## - PHYSICAL DESCRIPTION |
| Extent |
p.689-706 |
| 520 ## - SUMMARY, ETC. |
| Summary, etc. |
The practice of `Management by Contract' can - as with any practice - be characterized by programmatic and technological dimensions. These dimensions contain concepts and ideas at the programmatic level, which shape the mission of the practice (concrete tasks and routines) at the technological level. Thus, the former attach the practice to the broader conceptual dimension. In this paper both of these dimensions will be analysed. The aim is to study how quality issues have been managed by contract. The first part presents some of the conceptual arguments of `Management by Contract'. The arguments of a structure generally used (the Purchaser/Provider split) and a method often used (competitive tendering) will be discussed. The second part presents some technological effects through empirical findings. The paper concludes with an analysis of the interaction or non-interaction between these two dimensions. - Reproduced |
| 650 ## - SUBJECT ADDED ENTRY--TOPICAL TERM |
| Topical term or geographic name entry element |
Management contracts |
| 650 ## - SUBJECT ADDED ENTRY--TOPICAL TERM |
| Topical term or geographic name entry element |
Management |
| 773 ## - HOST ITEM ENTRY |
| Main entry heading |
Public Administration |
| 909 ## - |
| -- |
50397 |